01313nam a2200361 i 4500001001000000003001000010005001700020007000300037008004100040020002100081040004700102041000800149082002100157100003400178245007600212264007500288264001100363300002800374336002700402337003300429338002800462500005800490505011200548563001400660653002200674653002300696653003300719653002300752942000700775945002700782952012500809999001700934768714001CO-MdFUSB20260406120054.0ta250925t1984 -us |||g |||| 00| 0 eng d a0-00-599797-21-6 aCO-MdFUSBbspacCO-MdFUSBdCO-MdFUSBCerda aeng 223a264.23bD847 aDudley-Smith, Timothy.eautor aLift every heart : bcollected hymns, 1961-1983c/ Timothy Dudley Smith 1aIllinois, Estados Unidos : bCollins Liturgical Publications, c[1984] 4c©1984 a306 páginas c; 21 cm 2rdacontentatextobtxt 2rdamediaasin mediaciónbn 2rdacarrieravolumenbnc aTabla de contenido traducida por agencia catalogadora aIntroducción. -- Los himnos. -- Los poemas tempranos. -- Notas en los himnos. -- Apéndices e índices. arústico aHimnos cristianos aHimnarios ingleses aPoesía religiosa cristiana aLiturgia cristiana cBK aEstudiante Juan Eusse  00102ddc40708GENaFUSBCbFUSBCd2025-09-25l0oG 264.23 D847lp25811r2025-09-25 00:00:00tEj. 1w2025-09-25yBKk24 c71470d71470